| 000 | 00609nam a2200217 a 4500 | ||
|---|---|---|---|
| 005 | 20250619063856.0 | ||
| 008 | 010615s1994 r 000 0 eng d | ||
| 020 | _a8437612942 | ||
| 035 | _aUPN01000108361 | ||
| 049 | _aCG | ||
| 050 | 4 |
_aB804 _bP8.38 |
|
| 100 | 1 |
_aPutnam, Hilary _929887 |
|
| 245 | 1 | 0 |
_aCómo renovar la filosofía / _cHilary Putnam ; tr. Carlos Laguna. |
| 260 |
_aMadrid : _bCátedra, _c1994. |
||
| 300 | _a271 p. | ||
| 440 | 0 | _aTeorema | |
| 534 |
_pTraducción de: _tRenewing philosophy |
||
| 650 | 4 |
_aFilosofía contemporánea _923859 |
|
| 650 | 4 |
_aDemocracia _96020 |
|
| 905 | _aLibro | ||
| 999 |
_c82273 _d82273 |
||